| 000 | 01307nac a22003491i 4500 | ||
|---|---|---|---|
| 003 | EG-ScBUE | ||
| 005 | 20240604125411.0 | ||
| 008 | 240604t2002 enk f b 001 0 eng d | ||
| 020 | _a1567505457 (pbk. : alk. paper) | ||
| 020 | _a9781567505450 | ||
| 040 |
_aEG-ScBUE _beng _erda _cEG-ScBUE _dEG-ScBUE |
||
| 043 |
_ama----- _af-ua--- _aa-is--- |
||
| 082 | 0 | 4 |
_a956 _bELN _222 |
| 100 | 1 |
_aEl-Nawawy, Mohammed, _d1968- _eauthor. |
|
| 245 | 1 | 4 |
_aThe Israeli-Egyptian peace process in the reporting of western journalists / _cMohammed El-Nawawy. |
| 264 | 1 |
_aWestport, Connecticut ; _aLondon : _bAblex, _c[2002] |
|
| 264 | 4 | _cc2002 | |
| 300 |
_axvi, 214 pages ; _c24 cm |
||
| 336 |
_2rdacontent _atext _btxt |
||
| 337 |
_aunmediated _2rdamedia _bn |
||
| 338 |
_avolume _bnc _2rdacarrier |
||
| 504 | _aIncludes bibliographical references and index. | ||
| 650 | 7 |
_aArab-Israeli conflict _xMass media and the conflict. _2BUEsh |
|
| 650 | 7 |
_aArab-Israeli conflict _xPress coverage. _2BUEsh |
|
| 650 | 7 |
_aForeign correspondents _zIsrael. _2BUEsh |
|
| 650 | 7 |
_aForeign correspondents _zEgypt. _2BUEsh |
|
| 650 | 7 |
_aMass media _xPolitical aspects. _2BUEsh |
|
| 650 | 7 |
_aGovernment and the press _zIsrael. _2BUEsh |
|
| 650 | 7 |
_aGovernment and the press _zEgypt. _2BUEsh |
|
| 655 | _vReading book | ||
| 942 |
_cBB _2ddc |
||
| 999 |
_c9053 _d9053 |
||